| 000 | 00847nmc a2200289 a 4500 | ||
|---|---|---|---|
| 003 | AR-BaBNM | ||
| 005 | 20251128210823.0 | ||
| 008 | 261020s1999 ||||||||||||||000 | spa|| | ||
| 020 | _a950-506-323-7 | ||
| 040 | _cAR-BaBNM | ||
| 245 | 1 | 0 | _aAntropología del presente |
| 260 |
_aBuenos Aires _bEdicial _c1999 |
||
| 300 | 0 |
_a197 p. _btablas |
|
| 490 | 0 | _aCiencia, política, sociedad | |
| 504 | _aCada trabajo cuenta con bibliografía para consultar | ||
| 650 | 4 | _aANTROPOLOGIA CULTURAL Y SOCIAL | |
| 650 | 4 | _aANTROPOLOGOS | |
| 650 | 4 | _aPATRIMONIO CULTURAL | |
| 650 | 4 | _aPOLITICA CULTURAL | |
| 650 | 4 | _aTRABAJO DE CAMPO | |
| 651 | 4 | _aBuenos Aires [Provincia] | |
| 700 | 1 |
_aAlthabe, Gérard _ecompilador |
|
| 700 | 1 |
_aSchuster, Félix Gustavo _ecompilador |
|
| 800 | 1 |
_aArnoux, Elvira _edirector |
|
| 942 | _cBK | ||
| 998 | _cMariana | ||
| 999 |
_c17061 _d17061 |
||